000 00731nam a2200217Ia 4500
001 1310
003 GE_BSU
008 181216s||||||||xx |||||||||||||| ||und||
040 _cGE_BSU
080 _a502(072)
100 _aგულისაშვილი, ვ.
245 _aმეთოდური მითითებანი ბუნების დაცვაში.
260 _aთბილისი
260 _bთბილისის უნ-ტი
260 _c1983
300 _a120 გვ. 19 სმ.
541 _h4 ლ.
653 _aბუნების დაცვა
653 _aმეთოდური მითითებანი ბუნების დაცვაში.
942 _cBK
999 _c35452
_d35452